| 000 | 00000nam##2200000za#4500 |
| 001 | 9.581038 |
| 003 | CaOODSP |
| 005 | 20210624191328 |
| 007 | cr ||||||||||| |
| 008 | 150406|2009||||xxc|||||o f|0| 0 eng|d |
| 022 | |a1701-1280 |
| 040 | |aCaOODSP|beng |
| 043 | |an-cn--- |
| 086 | 1 |aFs70-4/2009-025E-PDF |
| 110 | 1 |aCanada. |bDepartment of Fisheries and Oceans. |
| 245 | 10|aRegional Advisory Process (RAP) DFO, Newfoundland and Labrador Region Atlantic Herring (Div. 3KL3Ps) Capelin (SuEbarea 2 + 3KL) proceedings : |h[electronic resource]|bNovember 3-5, 2008, Fisheries and Oceans Canada, Northwest Atlantic Fisheries Centre, St. John's, Newfoundland and Labrador / |cF. Mowbray (Chair) and G. H. Winters (Rapporteur). |
| 260 | |aSt. John's - Newfoundland and Labrador : |bFisheries and Oceans Canada |cNovember 2009. |
| 300 | |a24p. |
| 490 | 1 |aCanadian Science Advisory Secretariat proceedings series|x1701-1280|v2009/025 |
| 590 | |a14-19-Supp|b2014-11-03 |
| 830 | #0|aProceedings series (Canadian Science Advisory Secretariat)|x1701-1280|v2009/025|w(CaOODSP)9.506483 |
| 856 | 40|ahttp://publications.gc.ca|qPDF|s91 KB|uhttps://publications.gc.ca/collections/collection_2014/mpo-dfo/Fs70-4-2009-025-eng.pdf|y2009/025 |